| 000 | 01456cam a22003977a 4500 | ||
|---|---|---|---|
| 003 | CHAP | ||
| 005 | 20220329141518.0 | ||
| 008 | 971013s1989 r 00010 d | ||
| 010 | _a69358 | ||
| 011 | _a70330 | ||
| 035 | _a79811 | ||
| 040 | _cCHAP | ||
| 090 | _aTesis | ||
| 100 | 0 | 0 |
_aMulato Brito, Juan. _979412 |
| 245 | 0 | _aIrradiación recurrente y selección para número de espiguillas por espiga de cebada (Hordeum vulgare L.) | |
| 260 |
_aMontecillo, Méx. : _bEl autor, _c1989 |
||
| 300 |
_a91 h. _b; gráfs. |
||
| 502 | _aTesis (Maestro en Ciencias Esp. en Genética) -- CP. Centro de Genética | ||
| 590 |
_aALEPH _b10 _c20130110 _lUCH01 _h1407 |
||
| 590 |
_aBATCH-UPD _b10 _c20130110 _lUCH01 _h0210 |
||
| 590 |
_aBATCH-UPD _b10 _c20130110 _lUCH01 _h1104 |
||
| 590 |
_aBATCH-UPD _b10 _c20130409 _lUCH01 _h2225 |
||
| 590 |
_aBATCH-UPD _b10 _c20130410 _lUCH01 _h1224 |
||
| 590 |
_aBATCH-UPD _b10 _c20130914 _lUCH01 _h0904 |
||
| 590 |
_aCONVERSION _b10 _c20130109 _lUCH01 _h1338 |
||
| 650 | 1 | 4 |
_aCebada _xGenética. _920681 |
| 650 | 1 | 4 |
_aCebada _xMejoramiento. _920695 |
| 650 | 1 | 4 |
_aCebada _xRendimiento. _920707 |
| 650 | 1 | 4 |
_aRadiación _xEfecto en cereales. _993667 |
| 650 | 1 | 4 |
_aRayos gamma _xEfectos fisiológicos. _994860 |
| 710 | 0 |
_aColegio de Postgraduados. Chapingo, Méx. Centro de Genética. _925083 |
|
| 901 | _aBK | ||
| 942 | _cFOLL | ||
| 949 |
_bBC _cTES _d-32701 _eTS1 _h22301 _i79811 _si |
||
| 949 |
_bBC _cTES _d-98325 _eTS2 _fc.2 _h22302 _i79811 _si |
||
| 999 |
_c69358 _d69358 |
||